000 01472nam a22002777a 4500
003 UA-OsUOA
001 127627
007 ta
008 20171207b un ||||| |||| 00| 0 ukr d
090 _a004
_bМ34
942 _cMG
040 _aUA-OsUOA
_bukr
_cUA-OsUOA
_dUA-OsUOA
245 _aМатематичні машини і системи
_bЗасновники: Національна академія наук України, Інститут проблем математичних машин і систем НАН України
955 _a1
041 _aukr
080 _a004
022 _a2310-8479
856 4 0 _uhttp://dspace.nbuv.gov.ua/handle/123456789/173
520 3 _aПроблематика: Публікація оригінальних і оглядових робіт з основних проблем сучасних теоретичних основ інформатики та кібернетики, обчислювальних машин, систем та мереж, нейрокібернетики та інтелектуальних систем, ознайомлення читачів з сьогоденними но
520 3 _aвими інформаційними і телекомунікаційними технологіями.
260 _aК.
246 3 1 _aНауковий журнал
_n
044 _aUA
099 _a37787
650 7 _a00 Загальні питання науки і культури
_2UDC
999 _c414894
_d414894